Album - The Great Divide by Noah Kahan - Statistics

General Stats
  • This quiz has been taken 108 times
  • The average score is 12 of 17
Answer Stats
Songs % Correct
6 The Great Divide
94%
11 Porch Light
91%
17 Dan
90%
1 End of August
90%
2 Doors
86%
12 Deny Deny Deny
83%
3 American Cars
77%
9 Dashboard
74%
7 Haircut
73%
10 23
71%
16 All Them Horses
70%
8 Willing and Able
66%
5 Paid Time Off
64%
4 Downfall
60%
13 Headed North
57%
15 Spoiled
50%
14 We Go Way Back
41%
No matching quizzes found
Score Distribution
Percent of People with Each Score
Percentile by Number Answered
Your Score History
You have not taken this quiz